| 000 | 00515nam a2200181 a 4500 | ||
|---|---|---|---|
| 005 | 20210219153335.0 | ||
| 008 | 991125n 000 0 u | ||
| 035 | _aUPN01000092558 | ||
| 222 | _aCOMUNICACION EDUCATIVA SEP | ||
| 245 | _aPlan de estudios en la escuela de entrenadores | ||
| 300 | _a3 | ||
| 362 | _a1988 Año 6, no. 55 abr. | ||
| 653 | 0 | _aCURRICULUM | |
| 653 | 0 | _aEDUCACION FISICA | |
| 653 | 0 | _aESCUELA NACIONAL DE ENTRENADORES DEPORTIVOS (MÉXICO) | |
| 904 |
_aAC _b030369 |
||
| 905 | _aArticulo | ||
| 999 |
_c74371 _d74371 |
||